[Event "Eastern Asia-ch U16 Girls"]
[Site "Tornelo INT"]
[Date "2021.10.22"]
[Round "3"]
[White "Orozbekova, Aiiza"]
[Black "Fang, Kun"]
[Result "0-1"]
[WhiteElo "1256"]
[BlackElo "1474"]
[PlyCount "72"]
[EventDate "2021.10.22"]
[EventType "swiss"]
[EventRounds "9"]
[EventCountry "NET"]
[SourceTitle "EXT 2023"]
[Source "ChessBase"]
[SourceDate "2022.10.05"]
[SourceVersion "1"]
[SourceVersionDate "2022.10.05"]
[SourceQuality "1"]

1. e4 e5 2. Nf3 Nc6 3. Bc4 Bc5 4. c3 Nf6 5. d3 a5 6. h3 h6 7. Be3 Ba7 8. Bxa7 Rxa7 9. Nbd2 0-0 10. 0-0 d6 11. a4 Ne7 12. Re1 Ng6 13. d4 Qe7 14. Qc2 Nh5 15. Nf1 Nhf4 16. Ng3 Nh4 17. Nxh4 Qxh4 18. Bf1 Qg5 19. Rad1 b6 20. Kh2 Re8 21. d5 Rf8 22. Ne2 f5 23. Nxf4 Qxf4+ 24. g3 Qg5 25. f3 Ra8 26. Bg2 Bd7 27. c4 Rf6 28. b3 Rg6 29. Qf2 Rf8 30. h4 Qe7 31. Qe2 f4 32. g4 Qxh4+ 33. Kg1 h5 34. gxh5 Qxh5 35. Kf1 Bh3 36. Bxh3 Qxh3+ 0-1

[Event "Asia Nations online Cup (Women)"]
[Site "Chess.com INT"]
[Date "2020.10.17"]
[Round "6.5"]
[White "Fang, Kun"]
[Black "Al Fayyadh, Yamama Asif Abdula"]
[Result "1-0"]
[WhiteElo "1688"]
[BlackElo "1595"]
[PlyCount "89"]
[EventDate "2020.10.11"]
[EventType "team-swiss (rapid)"]
[EventRounds "9"]
[EventCountry "IND"]
[SourceTitle "CBM 198 Extra"]
[Source "ChessBase"]
[SourceDate "2020.11.30"]
[SourceVersion "1"]
[SourceVersionDate "2020.11.30"]
[SourceQuality "1"]
[WhiteTeam "Singapore (W)"]
[BlackTeam "Iraq (W)"]
[WhiteTeamCountry "SIN"]
[BlackTeamCountry "IRQ"]

1. e4 e5 2. Nf3 Nc6 3. Bb5 a6 4. Ba4 Nf6 5. d3 b5 6. Bb3 Be7 7. a4 Bb7 8. Nbd2 0-0 9. c3 d5 10. 0-0 dxe4 11. dxe4 Bc5 12. Qe2 Qe7 13. axb5 axb5 14. Rxa8 Rxa8 15. Qxb5 Nd8 16. Qe2 Nc6 17. Nc4 Ba6 18. Bc2 Na5 19. Nfd2 Nxc4 20. Nxc4 Nd7 21. b4 Nb6 22. Bd3 Nxc4 23. Bxc4 Bxc4 24. Qxc4 Bd6 25. Be3 Qd7 26. h3 Qa4 27. Qd5 Qa2 28. Qd3 Ra3 29. Qb5 h6 30. c4 Bf8 31. c5 Qc2 32. Qc6 Ra4 33. Qxc7 Rxb4 34. f3 Qd3 35. Bf2 Qc4 36. Qxe5 Rb5 37. Qe8 Qb4 38. Rd1 Rb8 39. Qe5 Rb5 40. Kh2 Bxc5 41. Rd5 Bxf2 42. Rxb5 Qe1 43. Rb8+ Kh7 44. Qf5+ g6 45. Qxf7# 1-0